000 00299nam a22001337a 4500
008 171102b xxu||||| |||| 00| 0 eng d
020 _a2900071263930
041 _aeng
080 _25TH
_a339.138
100 _a60
101 _aMAR
245 _aSERVICES MARKETING
_cZEITHAML,V.A
942 _2udc
_cBK
999 _c37295
_d37295